000 00712nam a2200241Ia 4500
003 GCL
008 140319s9999 xx 000 0 ara d
040 _aGCL /
_cGCL
082 0 4 _a956.705
_bف ا
100 1 _aفالح حنظل
245 1 0 _aاسرار مقتل العائلة المالكة فى العراق 14 تموز 1958 /
_cفالح حنظل
260 _a[S.N] :
_bلا يوجد
300 _a158 ص
490 _a
650 0 4 _aالعصر الحديث
650 0 4 _aتاريخ
650 0 4 _aالثورات
650 0 4 _aالعراق
650 0 4 _aالجرائم السياسية
650 0 4 _aالانقلابات السياسية
650 0 4 _aثورة تموز 1958
942 _2ddc
_cBK
999 _c30550
_d30550